000 00501cam a22001691 4500
001 44725
090 _a44725
100 _a19931115d1937 m y0pory5003 ba
101 0 _apor
102 _aPT
200 1 _aA 2.ª cadeira e os seus professores
_eCálculo infinitesimal
_fPedro José da Cunha
_dA Escola Politécnica de Lisboa
210 9 _aLisboa
_cFaculdade de Ciências de Lisboa
_d1937
215 _a15 p.
675 _a51(042)
700 1 _aCunha,
_bPedro José da,
_f1867-1945
801 0 _aPT
_bBN
_gRPC
990 _cLIVROS